zpět

Detail výsledku týmu

Spirit Bar - Žižkov, Praha

Datum a čas kvízu

19.5 Celkem bodů Celkový počet nahraných bodů na tomto kvízu bez doplňovacích otázek.
11. Pořadí na kvízu Konečné umístění týmu na tomto kvízu.

Zaznamenané odpovědi

# Otázka Odpověď Body Výsledky
1. Jedno české město řeší bizarní... D 1
2. Jedna země si minulý týden zvo... Maďarsko 1
3. Ve čtvrtek měla premiéru komed... Betlémské světlo 1
4. Jako by toho ve světle událost... MOL 1
5. Základní část hokejové extrali... HC Energie Karlovy Vary 0
6. V dalším díle této tematické s... jinan (dvoulaločný) 1
7. Levhart sněžný je plachá a sam... irbis 0
8. Tito drobní primáti nejsou poz... nártoun 0
9. Tento zemědělsky významný rod... čirok 0
10. Tento vačnatec je endemitem No... kuskus 0